Linux administration handbook
Saved in:
| Main Author: | |
|---|---|
| Other Authors: | , |
| Format: | Book |
| Language: | English |
| Published: |
Upper Saddle River :
Prentice Hall,
2002
|
| Subjects: | |
| Tags: |
Add Tag
No Tags, Be the first to tag this record!
|
MARC
| LEADER | 00000nam a2200000 i 4500 | ||
|---|---|---|---|
| 001 | 1/62651 | ||
| 008 | 041014s2002 eng d | ||
| 020 | |a 0-13-008466-2 | ||
| 035 | |l 10074694 | ||
| 040 | |a GR-MY-UA |b gre |e aacr | ||
| 041 | 0 | |a eng | |
| 082 | 0 | |a 005.4469 | |
| 100 | 1 | |a Nemeth, Evi. | |
| 245 | 1 | 0 | |a Linux administration handbook / |c Evi Nemeth, Garth Snyder, Trent R. Hein |
| 260 | |a Upper Saddle River : |b Prentice Hall, |c 2002 | ||
| 300 | |a 890 p. | ||
| 504 | |a Includes bibliographical references and index | ||
| 630 | 0 | 0 | |a Linux. |
| 650 | 0 | 0 | |a Operating systems (Computers) |
| 700 | 1 | |a Snyder, Garth. | |
| 700 | 1 | |a Hein, Trent R. | |
| 852 | |a INST |b RHODES |e 20041014 |h 005.4469 NEM |p 005400018475 |q 005400018475 |t BK |y 0 | ||
| 901 | |a BIBL4-2004-3 | ||
| 909 | |a Ρ |b 109901 | ||
| 920 | |a ΔΙΕΥΡΥΝΣΗ |b ΕΠΕΑΕΚ ΙΙ-ΤΜΣ |y ΡΟΔΟΣ |z 2004-10 | ||
| 970 | |a ΚΟΥΛΑΚΙΟΤΗ |b ΛΙΤΣΑ |z 2004/10/14 | ||